Systematic fieldwork
Αποθηκεύτηκε σε:
| Μορφή: | Βιβλίο |
|---|---|
| Γλώσσα: | English |
| Δημοσίευση: |
Newbury Park :
Sage,
1987
|
| Θέματα: | |
| Ετικέτες: |
Προσθήκη ετικέτας
Δεν υπάρχουν, Καταχωρήστε ετικέτα πρώτοι!
|
MARC
| LEADER | 00000nam a2200000 i 4500 | ||
|---|---|---|---|
| 001 | 1/9604 | ||
| 008 | 970304s eng d | ||
| 020 | |a 080392559X | ||
| 020 | |a 080392853X | ||
| 035 | |l 10017546 | ||
| 040 | |a GR-MY-UA |b gre |e aacr | ||
| 041 | 0 | |a eng | |
| 082 | 0 | |a 306.072 | |
| 245 | 1 | 0 | |a Systematic fieldwork / |c Oswald Werner...[et al.] |
| 260 | |a Newbury Park : |b Sage, |c 1987 | ||
| 300 | |a 2 v. | ||
| 650 | 0 | 0 | |a Ethnology |x Fieldwork. |
| 650 | 0 | 0 | |a Ethnology |x Methodology. |
| 650 | 0 | 0 | |a Interviewing in ethnology. |
| 852 | |a INST |b LESVOS |e 19970304 |h 306.072 SYS |p 005100017829 |q 005100017829 |t BK |y 12 | ||
| 852 | |a INST |b LESVOS |e 19970304 |h 306.072 SYS |p 005100017830 |q 005100017830 |t BK |y 12 | ||
| 909 | |a Λ |b 007249 | ||
| 909 | |a Λ |b 007248 | ||